| 000 | 00477ntaaa2200181 4500 | ||
|---|---|---|---|
| 003 | 01 | ||
| 005 | 20251027202722.0 | ||
| 008 | 0714s1973 ag 01 | ||
| 040 |
_aAR-BaBN _bspa _cAR-BaBN _eaacr _dRIC |
||
| 082 | _a616.2460 W13 | ||
| 100 |
_aWaksman, Selman A _927030 |
||
| 245 | _aLa conquista de la tubercolosis | ||
| 250 | _a1 ed. | ||
| 260 |
_aBuenos Aires : _bEditorial Hobbs-Sudamericana, _cc1964, c1968 |
||
| 300 | _a271 p | ||
| 650 |
_atubercolosis _927031 |
||
| 942 | _cBK | ||
| 999 |
_c22417 _d22417 |
||